[Event "AUTO-INT-1445"]
[Site "http://www.queenalice.com/game.php?id=651189"]
[Date "2009.9.12"]
[Round "1"]
[White "dreamteam"]
[Black "mafiax3br"]
[Result "0-1"]
[WhiteElo "1441"]
[BlackElo "1734"]

1. e4 e6 2. d4 d5 3. exd5 exd5 4. Nc3 Nf6 5. Nf3 c5 6. Bb5+ Bd7 7. Bxd7+ Qxd7 8.
Bg5 Be7 9. Bxf6 gxf6 10. dxc5 Bxc5 11. Nxd5 Qe6+ 12. Kf1 Nc6 0-1

[Event "AUTO-INT-1445"]
[Site "http://www.queenalice.com/game.php?id=651190"]
[Date "2009.9.12"]
[Round "1"]
[White "mafiax3br"]
[Black "dreamteam"]
[Result "1-0"]
[WhiteElo "1729"]
[BlackElo "1446"]

1. d4 d5 2. c4 c6 3. Nf3 e6 4. Nc3 Nf6 5. Bf4 Nbd7 6. e3 c5 7. cxd5 exd5 8. Be2
cxd4 9. Nxd4 Nc5 10. O-O Bd6 11. Bxd6 Qxd6 12. Bf3 1-0

[Event "AUTO-INT-1445"]
[Site "http://www.queenalice.com/game.php?id=651205"]
[Date "2009.9.12"]
[Round "1"]
[White "ag2301"]
[Black "mafiax3br"]
[Result "0-1"]
[WhiteElo "1300"]
[BlackElo "1709"]

1. d4 Nf6 2. c4 e6 3. c5 d5 4. Bg5 Be7 5. Nf3 b6 6. c6 Nxc6 7. a3 h6 8. Bh4 O-O
9. e3 Ne4 10. Qc2 Bb7 11. Bd3 Bxh4 0-1

[Event "AUTO-INT-1445"]
[Site "http://www.queenalice.com/game.php?id=651206"]
[Date "2009.9.12"]
[Round "1"]
[White "mafiax3br"]
[Black "ag2301"]
[Result "1-0"]
[WhiteElo "1711"]
[BlackElo "1300"]

1. d4 d5 2. c4 Nf6 3. Nf3 dxc4 4. Nc3 Bf5 5. Bf4 e6 6. e3 Bb4 7. Bxc4 O-O 8. O-O
Nc6 9. a3 Bxc3 10. bxc3 Qd7 11. Re1 Rfe8 12. Nd2 Na5 13. Bf1 Ng4 14. e4 1-0

[Event "AUTO-INT-1445"]
[Site "http://www.queenalice.com/game.php?id=651217"]
[Date "2009.9.12"]
[Round "1"]
[White "mafiax3br"]
[Black "Aristoteles"]
[Result "1-0"]
[WhiteElo "1738"]
[BlackElo "1692"]

1. d4 d5 2. c4 e6 3. Nf3 Nc6 4. Nc3 Nf6 5. Bf4 Bb4 6. cxd5 exd5 7. a3 Ba5 8. b4
Bb6 9. e3 O-O 10. Bd3 h6 11. O-O Re8 12. h3 Nh5 13. Bh2 a6 14. Ne5 Nxe5 15. Bxe5
Nf6 16. Bxf6 Qxf6 17. Nxd5 Qd6 18. Qf3 Be6 19. Nxb6 Qxb6 20. Rfc1 c6 21. Rc5
Rad8 22. Qe4 f5 23. Qf4 Rf8 24. Bxf5 g6 25. Bxe6+ Kh7 26. Qe4 Rde8 27. Re5 Qc7
28. Rc1 Rf6 29. Bb3 Rxe5 30. dxe5 Rf8 31. Bc2 Qf7 32. f4 1-0

[Event "AUTO-INT-1445"]
[Site "http://www.queenalice.com/game.php?id=651218"]
[Date "2009.9.12"]
[Round "1"]
[White "Aristoteles"]
[Black "mafiax3br"]
[Result "1-0"]
[WhiteElo "1668"]
[BlackElo "1738"]

1. e4 e6 2. d4 d5 3. exd5 exd5 4. Nf3 Bd6 5. Nc3 Nf6 6. Bd3 O-O 7. O-O Bg4 8. h3
Bh5 9. Bg5 c6 10. g4 Bg6 11. Bxg6 fxg6 12. Re1 Nbd7 13. a3 Qc7 14. Re6 h6 15.
Bd2 Rae8 16. Qe2 Nb6 17. b3 Qd7 18. Rxe8 Rxe8 19. Qd3 Ne4 20. Be3 Qf7 21. Nd2
Ng5 22. Bxg5 hxg5 23. Qf1 Qf4 24. Ne2 Qxd2 25. Re1 Qxc2 26. b4 Qd3 27. Nc1 Qxa3
28. Rxe8+ Kf7 29. Qe1 Qxh3 30. Qe6# 1-0

[Event "AUTO-OPEN-1702"]
[Site "http://www.queenalice.com/game.php?id=657667"]
[Date "2009.9.25"]
[Round "1"]
[White "mafiax3br"]
[Black "Koukin"]
[Result "1-0"]
[WhiteElo "1713"]
[BlackElo "1522"]

1. d4 b6 2. c4 Bb7 3. Nc3 Nf6 4. Qc2 d6 5. e4 Nbd7 6. Bd3 e6 7. Nf3 Be7 8. O-O
c5 9. b3 cxd4 10. Nxd4 e5 11. Nf5 Bf8 12. Bg5 g6 13. Ne3 Bg7 14. Rad1 Nc5 15.
Ned5 Bxd5 16. cxd5 O-O 17. f4 Ncd7 18. Bb5 a6 19. Bxd7 Qxd7 20. fxe5 dxe5 21.
Bxf6 Bxf6 22. Rxf6 Qe7 23. Rxb6 a5 24. d6 Qd7 25. Nd5 Rac8 26. Qb2 Qg4 27. Nf6+
Kg7 28. Nxg4 f6 29. Rb7+ Kg8 30. d7 Rcd8 31. Rc7 Rf7 32. Rc8 Rff8 33. Rxd8 Rxd8
34. Nxf6+ Kg7 35. Qxe5 a4 36. Qe7+ Kh8 37. Qxh7# 1-0

[Event "AUTO-OPEN-1702"]
[Site "http://www.queenalice.com/game.php?id=657668"]
[Date "2009.9.25"]
[Round "1"]
[White "Koukin"]
[Black "mafiax3br"]
[Result "1-0"]
[WhiteElo "1496"]
[BlackElo "1730"]

1. e4 e6 2. d3 d5 3. e5 c5 4. c3 Nc6 5. d4 Nge7 6. dxc5 Ng6 7. Nf3 Ngxe5 8. Bb5
Nxf3+ 9. Qxf3 Bxc5 10. b4 Bb6 11. Nd2 O-O 12. O-O Ne5 13. Qe2 Nc6 14. Nf3 a6 15.
Bd3 Qc7 16. Bc2 Ne7 17. Qd3 Bd7 18. Qxh7# 1-0

[Event "AUTO-OPEN-1702"]
[Site "http://www.queenalice.com/game.php?id=657669"]
[Date "2009.9.25"]
[Round "1"]
[White "mafiax3br"]
[Black "rpalmero"]
[Result "0-1"]
[WhiteElo "1738"]
[BlackElo "1057"]

1. d4 Nf6 2. c4 d5 3. Nf3 Bg4 4. Qb3 b6 5. Ne5 e6 6. Bg5 Bf5 7. Nc3 dxc4 8. Qxc4
Be7 9. g3 Be4 10. Nxe4 Nxe4 11. Bxe7 Qxe7 12. Bg2 f5 13. Qc2 Qb4+ 14. Kf1 Qxd4
15. Bxe4 Qxe4 16. Qxe4 fxe4 17. Rc1 c5 18. b4 Na6 19. bxc5 Nxc5 20. f4 exf3 21.
exf3 O-O 22. Kg2 Rf5 23. Rhe1 Rd8 24. Nc6 Rd2+ 25. Kh3 Rxf3 26. Ne5 Rff2 27. Ng4
Rf5 28. Re5 Rxe5 29. Nxe5 Rxa2 30. Rd1 h6 31. Kg4 Rxh2 32. Rd8+ Kh7 33. Rf8 Re2
34. Nf3 Re4+ 0-1

[Event "AUTO-OPEN-1702"]
[Site "http://www.queenalice.com/game.php?id=657670"]
[Date "2009.9.25"]
[Round "1"]
[White "rpalmero"]
[Black "mafiax3br"]
[Result "1-0"]
[WhiteElo "1057"]
[BlackElo "1710"]

1. d4 Nf6 2. c4 e6 3. Nc3 Bb4 4. Qc2 d5 5. Bg5 c5 6. Nf3 Nc6 7. dxc5 d4 8. Rd1
Bxc5 9. Ne4 Be7 10. e3 e5 11. exd4 exd4 12. Bd3 Nxe4 13. Bxe7 Qxe7 14. Bxe4 f5
15. O-O fxe4 16. Nxd4 Nxd4 17. Rxd4 O-O 18. Re1 Bf5 19. Qb3 Rad8 20. Rxd8 Rxd8
21. h3 h5 22. Qb5 b6 23. Qxf5 Qc7 24. Qxe4 Rd2 25. Qe8+ Kh7 26. Qxh5+ Kg8 27.
Re8# 1-0

[Event "AUTO-INT-1419"]
[Site "http://www.queenalice.com/game.php?id=674921"]
[Date "2009.10.30"]
[Round "2"]
[White "mafiax3br"]
[Black "alesson"]
[Result "0-1"]
[WhiteElo "1813"]
[BlackElo "1661"]

1. d4 c5 2. d5 Nf6 3. c4 Qa5+ 4. Bd2 Qb6 5. b3 e6 6. dxe6 dxe6 7. Nc3 Bd6 8. Nf3
h6 9. e3 O-O 10. Bd3 Nc6 11. O-O Nb4 12. Be4 Qc7 13. Nb5 Qb8 14. Bxb4 cxb4 15.
Qxd6 Qxd6 16. Nxd6 Rd8 17. Rfd1 Nxe4 18. Nxe4 Rxd1+ 19. Rxd1 f5 20. Nc5 b6 21.
Nd3 Ba6 22. Nxb4 Bb7 23. Nd4 Rd8 24. Nd3 Be4 25. Nf4 e5 26. f3 Bb7 27. Nfe6 Re8
28. Nc7 Rd8 29. Nce6 Rd6 30. f4 exd4 31. exd4 Rxe6 32. d5 Rd6 33. Kf2 a6 34. a4
Kf7 35. Ke3 Kf6 36. Kd4 g5 37. g3 Rd8 38. Re1 Bc8 39. Re5 h5 0-1

[Event "AUTO-INT-1419"]
[Site "http://www.queenalice.com/game.php?id=674922"]
[Date "2009.10.30"]
[Round "2"]
[White "alesson"]
[Black "mafiax3br"]
[Result "0-1"]
[WhiteElo "1712"]
[BlackElo "1773"]

1. e4 e6 2. c4 d5 3. cxd5 exd5 4. exd5 Nf6 5. Qe2+ Qe7 6. Qxe7+ Bxe7 7. Bc4 O-O
8. h3 Re8 9. Ne2 Bf5 10. O-O Nbd7 11. Nbc3 Ne5 12. b3 Bd6 13. d4 Ned7 14. Bb5 a6
15. Bxd7 Bxd7 16. Bg5 Ne4 17. Nxe4 Rxe4 18. f3 Rxe2 19. a4 h6 20. Bc1 a5 21. Rd1
Ra6 22. Rd3 Bg3 23. Bd2 Rd6 24. Bxa5 b6 25. Bb4 Rxd5 26. a5 bxa5 27. Bxa5 Bb5
28. Rdd1 Bf2+ 29. Kh2 Bxd4 30. Rac1 Bd7 31. Rxc7 Be5+ 32. f4 Bxf4+ 33. Kg1 Rxd1+
34. Be1 Rdxe1# 0-1

[Event "AUTO-INT-1419"]
[Site "http://www.queenalice.com/game.php?id=674923"]
[Date "2009.10.30"]
[Round "2"]
[White "mafiax3br"]
[Black "Michihall"]
[Result "1-0"]
[WhiteElo "1752"]
[BlackElo "1869"]

1. d4 d5 2. c4 c6 3. Nf3 Nf6 4. Nc3 h6 5. Qc2 Bg4 6. e4 Bxf3 7. gxf3 e6 8. e5
Nfd7 9. Be2 Bb4 10. Bd2 O-O 11. Rg1 Bxc3 12. bxc3 Qh4 13. Bd3 Qxh2 14. Ke2 Qh4
15. Rab1 b6 16. Rg4 Qh5 17. cxd5 cxd5 18. Qc1 f5 19. Rg1 Kh8 20. c4 Nc6 21. Qb2
Rfd8 22. cxd5 exd5 23. Bc3 Re8 24. Qb5 Rec8 25. Qxd5 Nf8 26. e6 Ne7 27. Qb3 Nfg6
28. Ke3 f4+ 29. Ke2 Nd5 30. Bd2 Re8 31. Bxg6 Qh4 32. Bxe8 Rxe8 33. Qxd5 Qe7 34.
Bxf4 Rd8 35. Qe5 Rd6 36. Qxd6 1-0

[Event "AUTO-INT-1419"]
[Site "http://www.queenalice.com/game.php?id=674924"]
[Date "2009.10.30"]
[Round "2"]
[White "Michihall"]
[Black "mafiax3br"]
[Result "1-0"]
[WhiteElo "1844"]
[BlackElo "1721"]

1. d4 Nf6 2. c4 e6 3. Nc3 Bb4 4. Qd3 d5 5. Bg5 c5 6. a3 Ba5 7. cxd5 Nxd5 8. Bxd8
Bxd8 9. Nxd5 exd5 10. dxc5 Be6 11. Qb5+ Nc6 12. Qxb7 1-0

[Event "AUTO-OPEN-1518"]
[Site "http://www.queenalice.com/game.php?id=705840"]
[Date "2009.12.30"]
[Round "2"]
[White "mafiax3br"]
[Black "Xeque"]
[Result "0-1"]
[WhiteElo "1789"]
[BlackElo "2138"]

1. d4 Nf6 2. c4 c5 3. d5 e6 4. Nc3 exd5 5. cxd5 d6 6. e4 g6 7. Nf3 Bg7 8. Be2
O-O 9. O-O a6 10. Bf4 Nh5 0-1

[Event "AUTO-OPEN-1518"]
[Site "http://www.queenalice.com/game.php?id=705841"]
[Date "2009.12.30"]
[Round "2"]
[White "Xeque"]
[Black "mafiax3br"]
[Result "1-0"]
[WhiteElo "2136"]
[BlackElo "1791"]

1. Nf3 d5 2. g3 Nf6 3. Bg2 e6 4. O-O c5 5. c4 Nc6 6. d4 dxc4 7. Qa4 Bd7 8. Qxc4
b6 9. Ne5 cxd4 10. Nxc6 Qc8 11. Qxd4 1-0

[Event "AUTO-INT-1445"]
[Site "http://www.queenalice.com/game.php?id=714443"]
[Date "2010.1.15"]
[Round "2"]
[White "mafiax3br"]
[Black "paulogaspar"]
[Result "0-1"]
[WhiteElo "1787"]
[BlackElo "2012"]

1. d4 e6 2. c4 Nf6 3. Nf3 b6 4. g3 Bb7 5. Bg2 Bb4+ 6. Bd2 Qe7 7. a3 Bxd2+ 8.
Nbxd2 O-O 9. O-O d5 10. cxd5 Bxd5 11. Rc1 Nc6 12. e3 Rfd8 13. Re1 Nb8 14. Qc2
Rc8 15. e4 Bb7 0-1

[Event "AUTO-INT-1445"]
[Site "http://www.queenalice.com/game.php?id=714444"]
[Date "2010.1.15"]
[Round "2"]
[White "paulogaspar"]
[Black "mafiax3br"]
[Result "1-0"]
[WhiteElo "2019"]
[BlackElo "1780"]

1. e4 e6 2. e5 d5 3. d4 c5 4. Nf3 Nc6 5. Bb5 Bd7 6. Bxc6 Bxc6 7. O-O Qb6 8. b3
cxd4 9. Nxd4 f6 10. exf6 Nxf6 11. Nxe6 Bd7 12. Nxf8 Rxf8 13. Re1+ Ne4 14. Be3
Qg6 15. Qxd5 Bc6 16. Qe5+ Kd7 17. Rd1+ Kc8 18. Bf4 1-0

[Event "AUTO-INT-1445"]
[Site "http://www.queenalice.com/game.php?id=714445"]
[Date "2010.1.15"]
[Round "2"]
[White "mafiax3br"]
[Black "meloserhaha"]
[Result "0-1"]
[WhiteElo "1774"]
[BlackElo "1698"]

1. d4 d5 2. c4 e5 3. dxe5 d4 4. Nf3 Nc6 5. Nbd2 Bf5 6. Nb3 Bb4+ 7. Bd2 d3 8.
exd3 Bxd3 9. Bxb4 Nxb4 10. Bxd3 Qxd3 0-1

[Event "AUTO-INT-1445"]
[Site "http://www.queenalice.com/game.php?id=714446"]
[Date "2010.1.15"]
[Round "2"]
[White "meloserhaha"]
[Black "mafiax3br"]
[Result "1-0"]
[WhiteElo "1722"]
[BlackElo "1774"]

1. e4 e6 2. d4 d5 3. exd5 exd5 4. Bd3 Nc6 5. c3 Bd6 6. Nf3 Nf6 7. O-O O-O 8. Bg5
h6 9. Bh4 Ne7 10. Bxf6 gxf6 11. Nbd2 1-0